Lana Del Rey- National Anthem (All Lyrics) - Statistics

General Stats
  • This quiz has been taken 1,792 times
  • The average score is 335 of 474
Answer Stats
Lyrics % Correct
a
99%
I
99%
anthem
98%
you
98%
national
97%
your
97%
I'm
96%
the
96%
is
93%
me
92%
of
91%
So
91%
so
91%
Money
89%
go
88%
we
87%
hand
86%
He
86%
success
86%
Tell
86%
tell
86%
hands
85%
in
85%
be
84%
you're
84%
to
83%
and
81%
And
81%
handsome
79%
on
79%
on?"
79%
On
79%
what
79%
do
77%
baby
76%
God
76%
know
75%
address?
74%
blue
74%
for
74%
For
74%
it
74%
Red
74%
what's
74%
out
73%
sky
73%
Take
73%
take
73%
white
73%
before
72%
love
70%
eyes
69%
party
69%
"Can
67%
can
67%
air
66%
but
65%
cool
65%
it's
65%
It's
65%
said
65%
Kiss
64%
kiss
64%
reason
64%
exist
63%
heaven's
63%
don't
62%
my
62%
fact
61%
Everybody
60%
say
60%
Summer's
60%
who
60%
down
58%
how
58%
"Yes"
58%
(yes, yes)
58%
body
57%
Hold
57%
hold
57%
knows
57%
put
56%
Hamptons
54%
standin
54%
standing
54%
up
53%
back
52%
says
52%
neck
51%
already
50%
coolest
50%
hair
50%
keep
50%
Keep
50%
loves
50%
over
50%
later
49%
now)
49%
now
49%
off
49%
sing
49%
real
48%
romance
48%
can't
47%
yet
47%
dress
46%
Wind
46%
buy
45%
downtown)
45%
Reckless
45%
with?
45%
while
44%
Boy
43%
like
43%
or
43%
pants
43%
abandon
42%
Bugatti
42%
dealing
42%
diamonds?
42%
age
41%
mascara
41%
new
41%
story
41%
get
40%
em
38%
making
38%
ransom
37%
think
37%
lots
36%
python
36%
See
36%
upper
36%
wow
36%
Holdin
35%
(Sugar
34%
sugar
34%
page
33%
done
32%
Veyron
32%
Give
31%
very
31%
well
31%
will
31%
you'll
31%
you've
31%
echelon
30%
drinking
29%
driving
28%
need
28%
ovation
28%
bow
26%
dining
26%
rampage
26%
somebody
26%
buying
25%
fake
25%
Queen
25%
sick
25%
sixth
25%
Wining
25%
his
24%
overdose
24%
dying
23%
our
23%
We're
23%
between
22%
Chevron?
22%
drugs
22%
King
22%
lonely
22%
safe
22%
Blurring
21%
Dark
21%
Excessive
21%
have
21%
lines
21%
quick
21%
Um
21%
(Booyah
20%
land
19%
Saigon
19%
rage
18%
dreams
16%
Babe
15%
Sweetness
15%
hotel
14%
landed
13%
danger
11%
belltower
10%
No matching quizzes found
Score Distribution
Percent of People with Each Score
Percentile by Number Answered
Your Score History
You have not taken this quiz